| 000 | 00730nam a2200241 a 4500 | ||
|---|---|---|---|
| 008 | 140410s2002 ag ||||| |||| 00| 0 spa d | ||
| 020 | _a9500204037 | ||
| 041 | _aspa | ||
| 092 |
_c616.2 _l30 _sGOR |
||
| 100 | 1 |
_aGorrini, Vicente C. _92895 |
|
| 245 |
_aOtorrinolaringología en esquemas / _cVicente C. Gorrini |
||
| 250 | _a2a ed. | ||
| 260 |
_aBuenos Aires: _bEl Ateneo; _c2002. |
||
| 300 | _a159 p. | ||
| 500 | _aGorrini, V. C. (2002). Otorrinolaringología en esquemas. (2a ed.). Buenos Aires : El Ateneo. | ||
| 653 | _aOtorrinolaringologia | ||
| 653 | _aFarige | ||
| 653 | _aFosas nasales y senos paranasales | ||
| 653 | _aLaringe | ||
| 653 | _aOido | ||
| 653 | _aSistema vestibular y equilibrio | ||
| 942 |
_2ddc _cBK |
||
| 999 |
_c2085 _d2085 |
||